000 01069nam a2200241 i 4500
001 146909
003 ES-MaACL
005 20250915063057.0
007 t|
008 070919m19801982sp ||||1| spa d
080 _a341.24(46)"15"
100 1 _aTruyol y Serra, Antonio,
_d1913-2003
_9111597
245 1 0 _aTratados internacionales de España
_b: pedíodo de la preponderancia española /
_cAntonio Truyol y Serra.
260 _aMadrid :
_bConsejo Superior de Investigaciones Científicas,
_c[entre 1980 y 1982]
300 _a2 v. ;
_c21 cm.
505 8 _aContiene: t. II.- Carlos V. España-Norte de Africa. Por P. Mariño con la colaboración de M. Morán. t. III.- Carlos V. España-Francia (1500-1514). Por P. Mariño y M. Morán con la colaboración de M.I. Hernández.
650 1 4 _aTratados internacionales-
_zEspaña.
_917642
700 1 _aMariño, P.
_976865
700 1 _aMorán, M.
_983108
710 2 _aConsejo Superior de Investigaciones Científicas (España)
_93236
852 _aES-MaACL
_jP-1249
_bR.101467
999 _c146909
_d146909